00585nam a22001577a 4500003000400000082001800004100001200022245013300034260004400167300000700211650004400218653003100262942001200293952010500305999001700410SGT a617.643bE22A aAnamika aEvaluation of soft tissue profile changes in treated class II malocclusion cases of varied growth patternbA Cephalometric study aGurugram, HaryanabSGT Universityc2022 a90 aOrthodontics & Dentofacial Orthopaedics aOrthodontics; Malocclusion 2ddccTH 00102ddc405171aFDbFDd2023-01-07l0o617.643 E22ApDT1462r2023-01-09 00:00:00w2023-01-09yTH c23683d23683